000 00607nam a2200241 a 4500
001 nice12345678
003 IN_TiNIC
005 20260116013449.0
008 050524s1994 raba grp 000 0 eng
020 _a
_c100
082 0 0 _a297.1228
_bKHA2
100 _aKhan, Mohd Ferdouse
245 _aQuranic Principles of Education
260 _aRabat
_bIsesco
_c1994
300 _a48p
500 _aincludes index and biblioraphy
505 2 _aThe case of the satanic verses.
650 _aQuran and Education
700 1 _aKhan, Mohd Ferdouse
902 _bSRS
942 _cBK
999 _c11082
_d11082